| 000 | 00816nam a2200253 a 4500 | ||
|---|---|---|---|
| 001 | BRL_1924 | ||
| 005 | 20190320211433.0 | ||
| 008 | 180815s2003----u--o######---#000-0#eng-# | ||
| 020 | _a968798452X | ||
| 041 | _aengspa | ||
| 044 | _au | ||
| 050 | 4 |
_aTS1490 _b.M46 2003 |
|
| 100 | 1 |
_aMendoza, Arnulfo _94805 |
|
| 245 | 1 | 0 |
_aWeaving a Cultural Testimony _cArnulfo Mendoza. |
| 260 |
_aEstados Unidos _bMexican Fine Arts Center Museum _c2003 |
||
| 300 |
_a62 p. _bil. a color _c27 cm. |
||
| 500 | _aIncluye tabla cronológica y lista de ilustraciones | ||
| 500 | _aCatálogo de la exposición realizada en el Mexican Fine Arts Center Museum, 5 junio - 31 agosto, 2003 | ||
| 500 | _aAu2235 | ||
| 546 | _aTexto en : inglés y español | ||
| 650 | 1 | 4 |
_aTejedores _xTécnica _94806 |
| 902 | _aGRL | ||
| 942 |
_2lcc _cB |
||
| 999 |
_c10732 _d10732 |
||